00741 2200229 4500001002100000005001700021008004100038035002500079040001200104082001500116084002300131090002300154245013200177260002800309300003700337500004900374650003100423700001800454700001000472700001700482850001200499INLIS00000000000185320150211141137.0  a0010-021500000000135 aYOPDYOG a915.986363 aNUS 915.986363 Tra aNUS 915.986363 Tra aTRAVELISTA : Toraja Banua Tangmerambu [rekaman video]c/ penanggung jawab Elman Saragih ; editor, Paino ; produser Reno Pramana aJakartabMetro TVc2012 aDVD : digital, stereo ; 4 3/4 in aProgram Metro TV ; tanggal tayang 28/01/2012 aIndustri Pariwisata-Toraja aElman Saragih aPaino aReno Pramana aYOPDYOG